000 00622cam a2200193 4500
001 ABS61465
008 000000n1999 000 0 eng u
035 _a(Sirsi) u101042
100 _aWoolich, R.
245 4 _aThe new stamping ground
260 _c1999
490 _aProperty Week
_v 15 October 1999, 72(1)
520 _aWarns that the latest changes to stamp duty could result in large interest payments for property investors and developers who fail to pay the correct amount of duty within thirty days.
590 _aABS
650 _aSTAMP DUTY
650 _aPENALTIES
690 _aTAXATION
942 _n0
999 _c60287
_d60287